| 000 | 01142nam a22003377a 4500 | ||
|---|---|---|---|
| 001 | 000446 | ||
| 003 | DO-SdBNP | ||
| 005 | 20171108132546.0 | ||
| 007 | 000446 | ||
| 008 | 160830b 2010 sp ||||| |||| 00| 0 spa d | ||
| 020 | _a9788430606887 | ||
| 040 |
_aBPMSU _bspa _cBPMSU |
||
| 041 | 1 | 7 |
_aspa _e |
| 082 | 4 |
_a302.3 _bC554c |
|
| 100 | 1 | _aChristakis, Nicholas A. | |
| 240 | 1 | 0 |
_aConnected. _lEspañol. |
| 245 | 1 | 0 |
_aConectados : _b el sorprendente poder de las redes sociales y cómo nos afectan / _c Nicholas A. Christakis y James H. Fowler ; traducción de Amado Diéguez, Laura Vidal y Eduardo Schmid. |
| 260 |
_aMadrid : _bTaurus, _c2010. |
||
| 300 |
_a354 p., [8] p. : _bil. ; _c24 cm. |
||
| 490 | 1 | _aPensamiento | |
| 500 | _aIncluye datos de los autores en la solapa de la cubierta. | ||
| 700 | 1 | 2 | _aFowler, James H. |
| 700 | 1 | 2 |
_aDiéguez, Amado, _etr. |
| 700 | 1 | 2 |
_aVida, Laura, _etr. |
| 700 | 1 | 2 |
_aSchmid, Eduardo, _etr. |
| 830 | 0 | _aPensamiento | |
| 910 | _aValidado. Control de calidad MFF | ||
| 942 |
_2ddc _cBK |
||
| 945 | _a Inventariado extranjero / 2017 VM | ||
| 956 |
_2LOPEREZ _310 _620160830 _8BPMSU _a00041 |
||
| 999 |
_c11228 _d11228 |
||